For Zion's sake : (Record no. 10259)

MARC details
000 -LEADER
fixed length control field 01516nam a2200361Ia 4500
001 - CONTROL NUMBER
control field 187047839
003 - CONTROL NUMBER IDENTIFIER
control field OCoLC
005 - DATE AND TIME OF LATEST TRANSACTION
control field 20241126110728.0
008 - FIXED-LENGTH DATA ELEMENTS--GENERAL INFORMATION
fixed length control field 080103s2007 enk b 001 0deng d
020 ## - INTERNATIONAL STANDARD BOOK NUMBER
International Standard Book Number 9781842275696
020 ## - INTERNATIONAL STANDARD BOOK NUMBER
International Standard Book Number 1842275690
035 ## - SYSTEM CONTROL NUMBER
System control number .b65331503
040 ## - CATALOGING SOURCE
Original cataloging agency IHT
Language of cataloging eng
Transcribing agency IHT
Modifying agency YDXCP
-- UtOrBLW
049 ## -
-- OSU&
082 ## - DEWEY DECIMAL CLASSIFICATION NUMBER
Classification number 236
Item number WIL
090 ## - LOCALLY ASSIGNED LC-TYPE CALL NUMBER (OCLC); LOCAL CALL NUMBER (RLIN)
Classification number (OCLC) (R) ; Classification number, CALL (RLIN) (NR) DS150.5
Local cutter number (OCLC) ; Book number/undivided call number, CALL (RLIN) .W555 2007
090 ## - LOCALLY ASSIGNED LC-TYPE CALL NUMBER (OCLC); LOCAL CALL NUMBER (RLIN)
Classification number (OCLC) (R) ; Classification number, CALL (RLIN) (NR) DS150.5
Local cutter number (OCLC) ; Book number/undivided call number, CALL (RLIN) .W555 2007
100 1# - MAIN ENTRY--PERSONAL NAME
Personal name Wilkinson, Paul Richard.
Authority record control number or standard number http://id.loc.gov/authorities/names/nb2009007903
9 (RLIN) 17834
245 10 - TITLE STATEMENT
Title For Zion's sake :
Remainder of title Christian zionism and the role of John Nelson Darby /
Statement of responsibility, etc. Paul Richard Wilkinson ; foreword by Thomas Ice
264 #1 - PRODUCTION, PUBLICATION, DISTRIBUTION, MANUFACTURE, AND COPYRIGHT NOTICE
Place of production, publication, distribution, manufacture Milton Keynes, [England] ;
-- Colorado Springs, Colo. :
Name of producer, publisher, distributor, manufacturer Paternoster,
Date of production, publication, distribution, manufacture, or copyright notice 2007
300 ## - PHYSICAL DESCRIPTION
Extent xviii, 308 ;
Dimensions 23 cm
336 ## - CONTENT TYPE
Content type term text
Content type code txt
Source rdacontent
337 ## - MEDIA TYPE
Media type term unmediated
Media type code n
Source rdamedia
338 ## - CARRIER TYPE
Carrier type term unspecified
Carrier type code zu
Source rdacarrier
490 1# - SERIES STATEMENT
Series statement Studies in evangelical history and thought
500 ## - GENERAL NOTE
General note Revision of thesis (Ph.D., Manchester Univ.)
504 ## - BIBLIOGRAPHY, ETC. NOTE
Bibliography, etc. note Includes bibliographic references (p. 265-301) and index
600 10 - SUBJECT ADDED ENTRY--PERSONAL NAME
Personal name Darby, J. N.
Fuller form of name (John Nelson),
Dates associated with a name 1800-1882.
Authority record control number or standard number http://id.loc.gov/authorities/names/n91084159
9 (RLIN) 515
650 #0 - SUBJECT ADDED ENTRY--TOPICAL TERM
Topical term or geographic name entry element Christian Zionism.
Authority record control number or standard number http://id.loc.gov/authorities/subjects/sh85025215
9 (RLIN) 17835
650 #0 - SUBJECT ADDED ENTRY--TOPICAL TERM
Topical term or geographic name entry element Eschatology
General subdivision History of doctrines
Chronological subdivision 19th century
9 (RLIN) 17836
830 #0 -
-- Studies in evangelical history and thought.
-- http://id.loc.gov/authorities/names/no2003040664
-- 17837
942 ## - ADDED ENTRY ELEMENTS (KOHA)
Source of classification or shelving scheme Dewey Decimal Classification
Koha item type Books
Holdings
Withdrawn status Lost status Source of classification or shelving scheme Damaged status Not for loan Home library Current Library Shelving location Date acquired Total checkouts Full call number Barcode Date last seen Date last checked out Copy number Price effective from Koha item type
    Dewey Decimal Classification     GRACE BIBLE COLLEGE GRACE BIBLE COLLEGE Theology 2024-05-08 2 236 WIL 016809 2026-03-11 2026-03-10 c.1 2024-05-08 Books
© Grace Bible College Library 2025